| 000 | 00418nam a2200157 i 4500 | ||
|---|---|---|---|
| 001 | bgj | ||
| 100 | 1 |
_aCaldwell, Taylor _d(1900-1985). |
|
| 245 | 1 | 0 |
_aThis side of innocence / _cby Taylor Caldwell. |
| 260 |
_aNew York : _bCharles Scribner's sons, _c1946. |
||
| 300 |
_a499 pp ; _c22 cm. |
||
| 650 | 9 | _aAmerican fiction | |
| 040 | _cBPK | ||
| 041 | 0 | _aeng | |
| 942 | _cKS | ||
| 008 | s uk f |000 0 eng | ||
| 999 |
_c48626 _d48626 |
||